000 00666nam a2200241 i 4500
001 C2-0257465
003 PPAK
005 20180727224436.0
008 040827s2003 nyu |||| ||||| | eng d
020 _a0743253477
040 _aPPAK
_beng
_cPPAK
_erda
082 0 4 _a956.70443
_223
090 0 0 _a956.70443
_bIRA
_dG
245 0 4 _aThe Iraq war reader
_bhistory, documents, opinions
264 1 _aNew York :
_bTouchstone Book ,
_c2003
300 _axx, 715 pages ;
_c23 cm
336 _2rdacontent
_atext
337 _2rdamedia
_aunmediated
338 _2rdacarrier
_avolume
650 1 0 _aIraq War, 2003
700 1 _aSifry, Micah L.,
_eeditor
942 _ddc
_cB
999 _c69300
_d69300